000 00833nab a2200253 u 4500
001 13572
003 HDC
007 cr bn ---aaaaa
008 210213c mydr|nes 0 a may d
040 _aHDC
100 _aJamliah Abdullah
_eauthor
_914338
245 0 _aGloria Jean's buka cawangan pertama di Kedai/
_cby Jamliah Abdullah
260 _aMalaysia:
_bUtusan Malaysia,
_c2015
336 _atext
_2rdacontent
337 _acomputer
_2rdamedia
338 _aonline resource
_2rdacarrier
650 _acoffee shop
_914061
650 _aentrepreneur
_91863
710 _aUtusan Malaysia
856 _zRequest full-text at [email protected]
942 _2lcc
942 _cNEWS
942 _kNSWC 004465
999 _c10888
_d10888